Parliamentary Accountability and Good Governance (Record no. 4033)

MARC details
000 -LEADER
fixed length control field 00361nam a22001217a 4500
008 - FIXED-LENGTH DATA ELEMENTS--GENERAL INFORMATION
fixed length control field 230606b xxu||||| |||| 00| 0 eng d
082 ## - DEWEY DECIMAL CLASSIFICATION NUMBER
Classification number 328.34
Item number WBI
110 ## - MAIN ENTRY--CORPORATE NAME
Subordinate unit World Bank Institute
245 ## - TITLE STATEMENT
Title Parliamentary Accountability and Good Governance
Remainder of title A handbook for parliamentarians
260 ## - PUBLICATION, DISTRIBUTION, ETC. (IMPRINT)
Name of publisher, distributor, etc. World Bank Institute
Date of publication, distribution, etc. 2000
300 ## - PHYSICAL DESCRIPTION
Extent 100p
942 ## - ADDED ENTRY ELEMENTS (KOHA)
Source of classification or shelving scheme Dewey Decimal Classification
Koha item type Reference
Holdings
Withdrawn status Lost status Source of classification or shelving scheme Damaged status Not for loan Home library Current library Date acquired Total Checkouts Full call number Date last seen Price effective from Koha item type
    Dewey Decimal Classification     County Hall Archives County Hall Archives 03/05/2024   328.34 WBI 03/05/2024 03/05/2024 Reference
LIBRARY OPENING HOURS

When the Parliament is sitting: 8.00a.m - 7.00p.m or until the house adjourns
Mondays and Fridays and when the House is on Recess:  8.00a.m - 5.00p.m
Closed on Weekends and Public Holidays

Online Public Access Catalog (OPAC)
Website: http://www.parliament.go.ke
Bunge Library: https://libraryir.parliament.go.ke
Contact: library@parliament.go.ke | Tel no: (254-2)2221291 or 2848000 Ext 5043